| Tag |
First Indicator |
Second Indicator |
Subfields |
| LEADER |
00000pam a2200000 4500 |
| 001 |
in00000201250 |
| 005 |
20151009064513.0 |
| 008 |
711209s1972 nyu b 00000 eng |
| 010 |
|
|
|a 71171134
|
| 020 |
|
|
|a 0394473264
|c $5.95
|
| 035 |
|
|
|a (OCoLC)00215184
|
| 035 |
|
|
|9 AAY2288AM
|
| 040 |
|
|
|a DLC
|c DLC
|d TXA
|d UtOrBLW
|
| 043 |
|
|
|a n-us---
|
| 049 |
|
|
|a TXAM
|c [1162401]
|
| 050 |
0 |
0 |
|a KF8781
|b .B7
|
| 082 |
0 |
|
|a 347/.73/14
|
| 100 |
1 |
|
|a Brant, Irving,
|d 1885-1976.
|
| 245 |
1 |
0 |
|a Impeachment: trials and errors.
|
| 250 |
|
|
|a [1st ed.].
|
| 264 |
|
1 |
|a New York :
|b Knopf,
|c [1972]
|
| 264 |
|
4 |
|c [©1972]
|
| 300 |
|
|
|a 202, vii pages ;
|c 22 cm.
|
| 336 |
|
|
|a text
|b txt
|2 rdacontent
|
| 337 |
|
|
|a unmediated
|b n
|2 rdamedia
|
| 338 |
|
|
|a volume
|b nc
|2 rdacarrier
|
| 504 |
|
|
|a Includes bibliographical references.
|
| 650 |
|
0 |
|a Impeachments
|z United States.
|
| 999 |
|
|
|a MARS
|
| 999 |
f |
f |
|s 966bc61f-3acf-39d4-92ad-f77c38e9d73d
|i df4b3d16-ffb7-3bcc-893b-16ab647c07c8
|t 0
|
| 952 |
f |
f |
|p ric
|a Texas A&M University
|b Rellis Campus
|c Joint Library Facility
|d Remote Storage
|t 0
|e KF8781 .B7
|h Library of Congress classification
|i unmediated -- volume
|m A14803197837
|
| 998 |
f |
f |
|a KF8781 .B7
|t 0
|l Remote Storage
|